000 00950nam a2200289 i 4500
001 13095
003 KOSZ 005
005 20200630132827.0
008 070608s1970 pl a f 001 0 pol
015 _aPB 1971/765
040 _aWA N
_cWA N
_dKOSZ 005/RW
080 _a51
100 1 _aMusielak, Julian
_d(1928- ).
_eAutor
245 1 0 _aWstęp do matematyki /
_cJulian Musielak.
260 _aWarszawa :
_bPaństwowe Wydawnictwo Naukowe,
_c1970.
300 _a127, [1] stron :
_bilustracje ;
_c24 cm.
336 _aTekst
_btxt
_2rdacontent
337 _aBez urządzenia pośredniczącego
_bn
_2rdamedia
338 _aWolumin
_bnc
_2rdacarrier
380 _aKsiążki.
504 _aIndeks.
650 4 _aMatematyka
655 4 _aPodręcznik
710 2 _aPaństwowe Wydawnictwo Naukowe
_4pbl.
856 _uhttp://koha.tu.koszalin.pl/cgi-bin/koha/opac-detail.pl?biblionumber=13095
_yKatalog online BPK
942 _2UKD
_cKS
999 _c13095
_d13095